000 00526nam a2200181Ia 4500
999 _c53463
_d53463
005 20240530105133.0
008 140319s9999 xx 000 0 ara d
017 _bمصر. دار الكتب
040 _aGCL /
_cGCL
082 0 4 _a272.24
_bك ح
_221
100 1 _aكمال الصليبى
245 1 0 _aحروب داود: الاجزاء الملحمية من سفر صموئيل الثانى /
_cكمال الصليبى
260 _c1990
300 _a179 ص
650 _2qrmak
651 _2qrmak
942 _2ddc
_cBK